| 000 | 00422nam a2200181Ia 4500 | ||
|---|---|---|---|
| 001 | 24509 | ||
| 005 | 20260414151048.0 | ||
| 008 | 260414t2020||||xx |||||||||||||| ||spa|| | ||
| 041 | _aESP | ||
| 082 |
_a345.71 _bT22 |
||
| 100 |
_aTaruffo, Michele _eAUT |
||
| 245 | 0 |
_aHacia la decisión justa _b |
|
| 260 | _c2020 | ||
| 300 |
_a622 páginas : _c25 cm. |
||
| 650 | _aDER | ||
| 654 | _aCDE | ||
| 942 |
_cLIB _dJUS _fJUS _2ddc _n |
||
| 999 |
_c24509 _d24509 |
||